Energofórum 2011 vývoj trhov s elektrinou a plynom v SR a EÚ : boj o zákazníka na energetickom trhu : zborník príspevkov [6. ročník, Vyhne, 20.-21.10.2011]
| Corporate Author: | |
|---|---|
| Format: | Conference Proceeding Book |
| Language: | Slovak Czech English |
| PhysicalDescription: | 101 s., [7] s. fotogr. príl. grafy, mp., sch., tab. 29 cm Vydané aj v elektronickej forme |
| Published: |
[Bratislava
Sféra
2011]
|
| ISBN: | 9788097004552 (brož.) |
| Edition: | [1. vyd.] |
| Subjects: |
MARC
| LEADER | 00000cam a2200000 a 4500 | ||
|---|---|---|---|
| 001 | vtls010339409 | ||
| 003 | SK-MaSNL | ||
| 005 | 20260426012324.0 | ||
| 008 | 120203s2011 xo dbl f 101 0 slo | ||
| 015 | |a SNBA2012/03-01462 | ||
| 020 | |a 9788097004552 (brož.) | ||
| 040 | |a SNK |b slo |c SNK |e AACR2 | ||
| 041 | 0 | |a slo |a cze |a eng | |
| 043 | |a e-xo--- | ||
| 044 | |a xo |c SK | ||
| 072 | 7 | |a 620.9 |x Energetika |2 konspekt | |
| 072 | 7 | |a 339 |x Obchod |2 konspekt | |
| 080 | |a 620.9 |2 2001 | ||
| 080 | |a 621.31 |2 2001 | ||
| 080 | |a 339.9.012.421 |2 2001 | ||
| 080 | |a 662.76 |2 2001 | ||
| 080 | |a 351.824.11 |2 2001 | ||
| 080 | |a 339.137 |2 2001 | ||
| 080 | |a (062.534) |2 2001 | ||
| 080 | |a (437.6) |2 2001 | ||
| 080 | |a 339.166:621.31 |2 2001 | ||
| 111 | 2 | |a Energofórum |n (6. : |d 2011 : |c Vyhne, Slovensko) |9 171730 | |
| 245 | 1 | 0 | |a Energofórum 2011 |b vývoj trhov s elektrinou a plynom v SR a EÚ : boj o zákazníka na energetickom trhu : zborník príspevkov [6. ročník, Vyhne, 20.-21.10.2011] |
| 250 | |a [1. vyd.] | ||
| 260 | |a [Bratislava |b Sféra |c 2011] | ||
| 300 | |a 101 s., [7] s. fotogr. príl. |b grafy, mp., sch., tab. |c 29 cm | ||
| 500 | |a Názov z obalu | ||
| 504 | |a Bibliogr. odkazy. Men. reg. | ||
| 530 | |a Vydané aj v elektronickej forme | ||
| 546 | |a Text aj čes. a angl. | ||
| 650 | 0 | 7 | |a energetika |2 SNKPH |9 3680 |
| 650 | 0 | 7 | |a elektroenergetika |2 SNKPH |9 15219 |
| 650 | 0 | 7 | |a liberalizácia obchodu |2 SNKPH |9 50004 |
| 650 | 0 | 7 | |a Liberalization of trade |2 SNKPHeng |9 412141 |
| 650 | 0 | 7 | |a obchod s elektrinou |2 SNKPH |9 326889 |
| 650 | 0 | 7 | |a plynárstvo |2 SNKPH |9 1675 |
| 650 | 0 | 7 | |a legislatíva |2 SNKPH |9 121217 |
| 650 | 0 | 7 | |a konkurencia |2 SNKPH |9 2281 |
| 650 | 0 | 7 | |a Energy industries |2 SNKPHeng |9 326574 |
| 650 | 0 | 7 | |a Electric power engineering |2 SNKPHeng |9 326890 |
| 650 | 0 | 7 | |a Electric power trade |2 SNKPHeng |9 326891 |
| 650 | 0 | 7 | |a Gas industry |2 SNKPHeng |9 324187 |
| 650 | 0 | 7 | |a Legislation |2 SNKPHeng |9 268421 |
| 650 | 0 | 7 | |a Competition |2 SNKPHeng |9 346701 |
| 651 | 7 | |a Slovensko |2 SNKPH |9 14231 | |
| 651 | 7 | |a Slovakia |2 SNKPHeng |9 92630 | |
| 655 | 7 | |a zborníky konferencií |2 SNKPH |9 70153 | |
| 655 | 7 | |a Proceedings of conferences |2 SNKPHeng |9 265791 | |
| 776 | 1 | |t Energofórum 2011 |w vtls010328583 | |
| 919 | |a 978-80-970045-5-2 | ||
| 958 | |a NB | ||
| 968 | |d 62 | ||
| 999 | |c 1094030 |d 1095960 | ||
| 952 | |a SNK |b SNK |y PREZ |7 0 |p 17A0877002 |o snkSB 82469 |i snk2012/2881 |8 0 |0 0 |1 0 |4 0 |d 2012-02-03 |l 0 |r 2025-05-06 00:00:00 |w 2026-02-24 | ||


